| 000 | 00532nam a22001817a 4500 | ||
|---|---|---|---|
| 005 | 20170905164757.0 | ||
| 010 | _aENG-120230 | ||
| 020 |
_a9788189430214 _c150.00 |
||
| 035 | _aEN-103762 | ||
| 037 | _bDBAD/PUB | ||
| 082 | _a220.35 | ||
| 100 | _aParamhansa Yogananda | ||
| 245 |
_aHow to be a success / _cby Paramhansa Yogananda |
||
| 260 |
_aGurgaon _bAnand Sanga Publication _c2014 |
||
| 270 |
_aB-10/8 DLF City Phase I _bGurgaon _e122002 |
||
| 300 |
_a165p. _c17cm.(pbk) |
||
| 942 |
_2ddc _cEN _h220.35 _mPAR |
||
| 999 |
_c144071 _d144071 |
||